Клинична фармакология (Запис номер 58647)
[ съкратено ]
| 000 -Лидер | |
|---|---|
| Контролно поле с фиксирана дължина | 01536nam a2200313 c 4500 |
| 003 - Код на организацията, давaща контролен номер | |
| Контролно поле | BLK |
| 005 - Дата и час на последна редакция | |
| Контролно поле | 20180422102209.0 |
| 008 - Елементи от данни с фиксирана дължина | |
| fixed length control field | 180408b bul|||||r ||||||| ||bul|| |
| 010 ## - Наследен системен номер | |
| LC control number | KNG00062702000 |
| 040 ## - Източник на каталожния запис | |
| Идентификатор на билиотеката - собственик на записа | BLK |
| 041 ## - Код за език | |
| Код за езика на текст/звукозапис или на отделно заглавие | Български |
| Код за езика КДБФ | Български |
| 080 ## - УДК | |
| Текстов определител УДК | Фармация. Фармакология. Обща терапия. Токсикология. Интензивна терапия |
| УДК код - определител по УДК | 615 |
| УДК определител | .03(075.8) |
| УДК - код + определител | 615.03(075.8) |
| 080 ## - УДК | |
| Текстов определител УДК | Фармация. Фармакология. Обща терапия. Токсикология. Интензивна терапия |
| УДК код - определител по УДК | 615 |
| УДК определител | .015(075.8) |
| УДК - код + определител | 615.015(075.8) |
| 100 1# - Редна дума - Автор | |
| Автор | Влахов, Витан Даков |
| Авторска отговорност | първи автор |
| R(LIN) | 365579 |
| 139 ## - Редно поле | |
| Редна дума | Влахов, Витан Даков |
| Авторски знак | Влах - В 73 |
| 245 10 - Сведения за заглавието | |
| Заглавие | Клинична фармакология |
| Подзаглавни данни | Учебник и ръководство за практ. упражнения за студенти по медицина |
| Редно поле (дума) | Витан Даков Влахов; съавт. Николай Беловеждов. |
| 257 ## - Страна на издаване | |
| Страна на създаване/издаване | България |
| 260 ## - Област на издателските данни | |
| -- | София |
| Име на издателя, разпространителя и проч. | Медицина и физкултура |
| Година на издаване | 1989 |
| 300 ## - Физическа характеристика | |
| Страници | 76 с. |
| Илюстрации и др. | с табл. |
| Размери/Мащаб | 24 см |
| 380 ## - Жанр | |
| Жанр | Медицина |
| 650 #4 - Допълнително описание по предмет – тема | |
| Основно описание – тема или топоним | Клинична фармакология - учебници за ВУЗ |
| 9 (RLIN) | 242395 |
| 653 ## - Ключова дума – ненормативна | |
| Ключова дума | фармакология |
| 700 1# - Други автори (авторска отговорност) | |
| Лично име | Беловеждов, Николай |
| Автороска отговорност (Описва отношението между автора и произведението) | съавт. |
| 9 (RLIN) | 369687 |
| 852 ## - Местоположение | |
| Форматна сигнатура | Цб 156307 |
| 856 4# - Електронен адрес и достъп | |
| Електронен формат | pdf - файл |
| Път до файла /url/ | |
| 856 4# - Електронен адрес и достъп | |
| Електронен формат | pdf - файл |
| Път до файла /url/ | |
| 942 ## - АРТИКУЛИ | |
| Вид на библиотечния материал | Книги |
| Скрит в OPAC | Не |
| 944 ## - СЪЗДАВАНЕ И РЕДАКЦИЯ на ЗАПИСА | |
| Създаване/Редакция | Създаване |
| Дата на регистрацията/редакция | 14.09.2016 |
| Служител, извършил регистрацията/редакцията | Ирена_Линкова |
| 944 ## - СЪЗДАВАНЕ И РЕДАКЦИЯ на ЗАПИСА | |
| Създаване/Редакция | Редакция |
| Дата на регистрацията/редакция | 14.09.2016 |
| Служител, извършил регистрацията/редакцията | Ирена_Линкова |
| 999 ## - СИСТЕМНИ КОНТРОЛНИ НОМЕРА | |
| Koha biblionumber | 58647 |
| Koha biblioitemnumber | 58647 |
| Код за отписване | Код за изгубен артикул | Източник на класификационната схема | Код за повреда | Коз за рестрикции | Код за отдаване | Артикулен № | Име на библиотеката - собственик | Име на библиотеката, в която се намира в момента | Статус (Текущо местоположение) | Дата на вписване в системата | Местоположение - отдел | Цена в лева | Инвентарен номер | Систематично азбучна сигнатура | Баркод | Номер на екземпляра | Цена в евро | Служебна бележка | Служебен тип на артикула |
|---|---|---|---|---|---|---|---|---|---|---|---|---|---|---|---|---|---|---|---|
| Не е изгубен | Universal Decimal Classification | Не е повреден | без рестрикции | ползва се в читалня | 95637 | Регионална библиотека "Любен Каравелов" Русе | Регионална библиотека "Любен Каравелов" Русе | Хранилище | 1989-01-01 | Хранилище | 0.43 | 511873 | Цб 156307 | 120000511873 | 1 | 0.22 | Дост: Dp Вид: Д N: сф Дата: 01.01.1989 | Книги | |
| Изтеглен | Не е изгубен | Universal Decimal Classification | Не е повреден | без рестрикции | заемане за дома | 95638 | Регионална библиотека "Любен Каравелов" Русе | Регионална библиотека "Любен Каравелов" Русе | Заемна - подръчен фонд | 1989-01-01 | Заемна - подръчен фонд | 0.43 | 513436 | П 615/В 73 | 513436 | 2 | 0.22 | Дост: Pk Вид: Ф N: сф Дата: 01.01.1989 | Книги |
| Изтеглен | Не е изгубен | Universal Decimal Classification | Не е повреден | без рестрикции | заемане за дома | 95639 | Регионална библиотека "Любен Каравелов" Русе | Регионална библиотека "Любен Каравелов" Русе | Заемна - подръчен фонд | 1989-01-01 | Заемна - подръчен фонд | 0.43 | 513437 | П 615/В 73 | 513437 | 3 | 0.22 | Дост: Pk Вид: Ф N: сф Дата: 01.01.1989 | Книги |